000 00394nam a2200157Ia 4500
008 221030s9999 xx 000 0 und d
020 _a0333253493
041 _aEnglish
082 _a105.23
_bKou
100 _aA. Koutsoyiannis
245 0 _aModern Micro - Economics
_cby A. Koutsoyiannis
260 _bMacmillan Press
_aLondon
_c1979
300 _a581
650 _aBE Economics
942 _cBK
999 _c6743
_d6743